000
00237nam a2200085Ia 4500
245
0
_a
Fatburning : exercise & diet
100
_a
ROSCHINSKY, Johannes Oxford, 2004
_9
68553
942
_c
BK
008
210818s9999 xx 000 0 und d
999
_c
442502
_d
442502